000 00209 a2200109 4500
020 _a9789992467329
041 _aspa
100 _aMilagros Teran
245 _aPoemas de una Nià¨
942 _cBK
952 _71
999 _c24967
_d24967